Normal view
MARC view
- Supervisor: Dr. Syed Hassan Farooq
Entry Personal Name
001 - CONTROL NUMBER
- control field: 127064
003 - CONTROL NUMBER IDENTIFIER
- control field: NUST
005 - DATE AND TIME OF LATEST TRANSACTION
- control field: 20241210113540.0
008 - FIXED-LENGTH DATA ELEMENTS
- fixed length control field: 241210|| aca||aabn | a|a d
040 ## - CATALOGING SOURCE
- Original cataloging agency: NUST
- Transcribing agency: NUST
100 ## - HEADING--PERSONAL NAME
- Personal name: Supervisor: Dr. Syed Hassan Farooq
670 ## - SOURCE DATA FOUND
- Source citation: Work cat.: (NUST)232362: Zarmina Zahoor 50928, Effective implementation of national disaster response plan 2010 at district level for flood management/ , 2014.
